Enhancing the prospects for growth and trade of the Kyrgyz republic

Saved in:
Bibliographic Details
Format: Book
Language:English
Published: Washington, D.C. <The> World Bank 2005
Series:<A> World Bank country study
Subjects:
Tags: Add Tag
No Tags, Be the first to tag this record!

MARC

LEADER 00000nam a2200000 4500
001 0157581
005 20240315115231.2
020 |a 0-8213-6356-5 
022 |a 0253-2123 
041 0 |a eng 
044 |a US 
245 1 0 |a Enhancing the prospects for growth and trade of the Kyrgyz republic 
264 1 |a Washington, D.C.  |b <The> World Bank  |c 2005 
300 |a xxix, 180 s. 
490 1 |a <A> World Bank country study 
830 0 |a <A> World Bank country study 
610 2 0 |a rast hospodársky 
610 2 0 |a obchod 
610 2 0 |a obchod medzinárodný 
610 2 0 |a situácia hospodárska 
610 2 0 |a politika hospodárska 
610 2 0 |a bariéry obchodu zahraničného 
610 2 0 |a bariéry obchodu vnútorného 
610 2 0 |a integrácia ekonomická 
610 2 0 |a konkurencieschopnosť 
610 2 0 |a Kirgizsko